Дело о выкупе земельных наделов временнообязанными крестьянами Е.Е. Муравьевой сельца Осиновки (Быковки) Карачевского уезда Орло...

Доступно только в Электронных читальных залах Найти на картеНа карте
RUSMARC
00004120nmc2a2200000 x 450
001e6d8e585-60b9-46d8-8a58-18f0d7521824
00520170913215932.0
100##$a20140403l18721873k l0rusy0189 ca
1010#$arus
102##$aRU
2001#$aДело о выкупе земельных наделов временнообязанными крестьянами Е.Е. Муравьевой сельца Осиновки (Быковки) Карачевского уезда Орловской губернии
$j25 сентября 1872 г. - 22 января 1873 г.
251##$cДело
300##$aДело
300##$aОриг. заголовок дела: Дело Муравьевой Е.Е. Орловской губернии Карачевского уезда сельца Осиновки (Быковки). 25 сентября 1872 г. - 22 января 1873 г
801#0$aRU
$bРГИА
$c20140403
$gRCR
801#1$aRU
$bГлавНИВЦ
$c20140403
$2rusmarc
801#2$aRU
$bПБ им. Б.Н. Ельцина
$c20170913
$gRCR
$2rusmarc
850##$aРГИА
852##$aРГИА
$eФедеральное казенное учреждение "Российский государственный исторический архив" (РГИА)
$j1196
937##$hРГИА
$d11026847
$aASBIBLIO_SCAN
462#0$10012327ab3a-0548-404e-b4cb-e37355ac5039
$12001
$a1863-1889 гг.
$1251
$cОпись
$1852
$j26
461#0$10018ef30ad5-ff5c-4840-a721-74c62a200f95
$12001
$aГлавное выкупное учреждение Министерства финансов
$1251
$cФонд
$1852
$j577
215##$a34 л.
$d36,5x26 см
371##$aДокумент не является опубликованным и широко распространяемым
105##$ay###
1222#$ad
5171#$aДело Муравьевой Е.Е. Орловской губернии Карачевского уезда сельца Осиновки (Быковки). 25 сентября 1872 г. - 22 января 1873 г
035##$ae6d8e585-60b9-46d8-8a58-18f0d7521824
856##$uhttp://readingroom.main.prlib.ru/item.aspx?id_node=n104613330&mode=full
Формат отображения